Представление документа в формате RUSMARC

ПолеНазваниеЗначение
  Тип записи a
  Библиографический уровень m
001 Контрольный номер RU/SLIB/B/226082991
005 Дата корректировки 20220218095102.2
010 Индекс ISBN __
a ISBN 5-22-07679-2
d Цена 25-52
101 Язык документа 0_
a Язык текста rus
c Язык оригинала rus
200 Заглавие и сведения об ответственности 1_
a Заглавие Правила дорожного движения с комментариями
e Сведения, относящиеся к заглавию в ред., действующей на 1 октября 2005 г.
f Первые сведения об ответственности Н. И. Клочанов
b Общее обозначение материала Текст
210 Выходные данные 1_
a Место издания Ростов н/Д
c Издательство Феникс
d Дата издания 2005
215 Физическое описание __
a Объем 95, [1] c., [4] л. цв. ил.
c Иллюстрации/тип воспроизводства ил.
330 Аннотация __
a Аннотация "Правила дорожного движения РФ" даны в редакции Постановлений Правительства РФ № 3 от 08.01.1996, № 1272 от 31.10.1998, № 370 от 21.04.2000, № 67 от 24.01.1001, № 427 от 28.06.2002, № 265 от 07.05.2003, № 595 от 25.09.2003. Настоящая редакция действует на 1 октября 2005.
606 Тематические рубрики __
a Основная рубрика Транспорт
606 Тематические рубрики __
a Основная рубрика Городской транспорт
610 Ключевые слова 0_
a Ключевые слова дорожное движение; автодорожный транспорт; дорожные знаки; транспортные средства; управление автомобилями; безопасность; правила дорожного движения; правила безопасности; дорожно-транспортные происшествия; транспортные средства; управление автомобилями; безопасность дорожного движения; ДПС; дорожно-патрульная служба; техосмотры; технические осмотры; уголовная ответственность; транспортные правонарушения; квалификационные экзамены; водительские экзамены; дорожно-транспортные происшествия; административные правонарушения
686 Индексы других классификаций __
a Классификационный индекс 39.808
700 Автор _1
a Фамилия Клочанов
b Имя Н. И.
4 Код отношения 070
801 Источник записи _0
a Страна RU
b Организация Муниципальное бюджетное учреждение культуры "Централизованная библиотечная система" г. Сургут (Центральная городская библиотека им. А. С. Пушкина)
g Правила каталогизации КиК/Дорошева
801 Источник записи _1
a Страна RU
b Организация Муниципальное бюджетное учреждение культуры "Централизованная библиотечная система" г. Сургут (Центральная городская библиотека им. А. С. Пушкина)
g Правила каталогизации КиК/Дорошева
852 Данные о местонахождении __
j Шифр хранения 39.808
c Каталожный индекс 39.808
i Авторский знак К 50
901 Тип документа __
t Тип документа m
903 Характеристики (МАРС) __
a Дата передачи 20070312
990 Данные о заказе (DOS) __
j Количество экземпляров (DOS) 1
h N записи в КСУ для Б/У (DOS) 200703